000 00723nam a2200241Ia 4500
003 OSt
005 20221007075931.0
006 a|||||r|||| 00| 0
007 ta
008 221006b |||||||| |||| 00| 0 eng d
024 _a1,123
037 _cReference Collections
040 _aFLL
_cFLL
_beng
041 _2eng
_aeng
082 _aX:5p1N64, K9
100 _aSingh Nagendra
245 0 _aAchievements of UNCTAD-I (1964) and UNCTAD-II (1968) in the field of shipping and invisibles
260 _aNew Delhi
_bS. Chand & Company India
_c1969
300 _a574p
_ccm.
650 _aInternational Law
942 _hX:5p1N64, K9
_cREF
_2CC
999 _c1157870
_d1157870